The Host-by Stephanie Meyer quiz Stats

 Plays Quiz not verified by Sporcle

Support Sporcle.
Go Orange.
Score 0/16 Timer 04:00
0 Plays Today
Question Answer % Correct
How many genders do the Dolphins have?3
89.7%
How many planets has The Seeker lived on?1
84.9%
How many life terms did Sunny live with the bears?5
80.2%
Who killed Wes?The Seeker
77%
In Wanda and Ian's soccor game, how many points did Ian win by?6
70.6%
What planet does Wanda send the Seekers soul to?Flowers
50%
What is Doc's first name?Eustace
48.4%
What is Burns's full name?Burns Living Flowers
42.1%
Question Answer % Correct
What were the bears calling Wanderer, before they called her 'Rides the Beast?'Lives in the Stars
36.5%
What is Pet's full name?Petals open to the Moon
29.4%
Where was Sunny when Kyle found her?Las Vegas
20.6%
What is Fords Deep Waters assistant's name?Darren
19.8%
What is Pet's mother's name?Cloud Spinner
18.3%
What is Wanderer's comforter's name?Kathy
17.5%
What is the poem at the beginning of The Host called?Question
15.9%
Where did Healer Knits Fire start out?Maine
10.3%

You're not logged in!

Compare scores with friends on all Sporcle quizzes.
OR
Log In

From the Vault

'The' Best Picture Winners

by georgieburgess

I guess you could say that this type of movie is the definite article.
Remove Ads.
Support Sporcle.
Get the best of Sporcle when you Go Orange. This ad-free experience offers more features, more stats, and more fun while also helping to support Sporcle. Thank you for becoming a member.

Show Comments

Extras

Top Quizzes Today


Score Distribution

Your Account Isn't Verified!

In order to create a playlist on Sporcle, you need to verify the email address you used during registration. Go to your Sporcle Settings to finish the process.

Report this User

Report this user for behavior that violates our Community Guidelines.

Details: